| 000 | 00598nam a2200205Ia 4500 | ||
|---|---|---|---|
| 001 | 10072 | ||
| 003 | GE_BSU | ||
| 008 | 181216s||||||||xx |||||||||||||| ||und|| | ||
| 040 | _cGE_BSU | ||
| 080 | _a821.353.1–1 | ||
| 100 | _aსალუქვაძე,გიორგი | ||
| 245 | _aლირიკა | ||
| 245 | _cრედ.ი.რურუა.მხარვ.ლ.ავალიანი | ||
| 260 | _aბათუმი | ||
| 260 | _bსახელგამი | ||
| 260 | _c1955 | ||
| 300 | _a228გვ.1ფ.პორტრ.17სმ. | ||
| 653 | _aლირიკა | ||
| 942 | _cBK | ||
| 999 |
_c43344 _d43344 |
||